000 01075pam a2200349 i 4500
003 EG-GICUC
005 20260208092627.0
008 900619s1990 it frb 001 0 eng d
020 _a0745614094
020 _a9780745614090
020 _a0745607233
020 _a0745614094 (pbk)
040 _aDLC
_cDLC
_dDLC
_dEG-GICUC
_beng
_erda
041 1 _aeng
_hita
050 0 0 _aK3240.4
_b.C36813 1990
082 0 0 _a341.48
_221
092 0 4 _221
099 _aLaw 11 1990
100 1 _aCassese, Antonio.
245 1 0 _aHuman rights in a changing world /
_cAntonio Cassese.
264 _aRoma-Bari :
_bPolity Press,
_c1990.
300 _avi, 245 page ;
_c24 cm.
336 _atext
_2rdacontent
337 _aComputer
_2rdamedia
338 _aOnline Resource
_2rdacarrier
500 _aRev. translation of: I diritti umani nel mondo contemporaneo.
504 _aIncludes bibliographical references (p. [227]-235) and index.
650 0 _aHuman rights.
856 4 0 _uhttps://fll.law.cu.edu.eg/fulltext/bks/ENGB11-00130.pdf
905 _a10
942 _2ddc
_cBK
_e21
_n0
999 _c61471
_d61471